189 - Né(es) un 8 juillet. - Statistiques

Statistiques générales
  • Ce quiz a été pris 12 fois
  • Le résultat moyen est 3 sur 12
Statistiques - réponses
Hint Année de naissance Réponse % Correct
Un représentant du classicisme français connu pour ses nombreuses Fables et Comtes. 1621 Jean de La Fontaine
90%
Ingénieur allemand inventeur de l'aéronef. 1838 Ferdinand Adolf August Heinrich von Zeppelin|Ferdinand von Zeppelin
60%
Homme d'affaires, fondateur de l'une des plus riches familles américaines, créateur de la Standard Oil. 1839 John Davison Rockefeller
40%
Actrice française vue dans "Le Roman de Lulu", "Arrête ton cinéma !" et interprète du titre "Je ne veux qu'elle" en duo avec Marc Lavoine. 1975 Claire Lefebvre|Claire Keim
20%
Acteur américain vu notamment dans "Sleepers", "J.F.K" et "Des hommes d'honneur". 1958 Kevin Bacon
20%
Joueur de football allemand, gardien de but du Paris Saint-Germain de 2015 à 2019. 1990 Kevin Trapp
20%
Actrice française, lauréate du César de la meilleure actrice dans un second rôle en 2013 pour son rôle dans "Le Prénom". 1961 Valérie Benguigui
20%
Haut fonctionnaire français devenu président de Renault de 1992 à 2005. 1942 Louis Schweitzer
10%
Ministre délégué au Budget de François Mitterand de 1988 à 1992. 1941 Michel Charasse
10%
Sociologue et philosophe français auteur de "La Méthode". 1921 Edgar Nahoum|Edgar Morin
0%
Membre du Parti républicain, 41e vice-président des États-Unis sous la présidence de Gerald Ford. 1908 Nelson Aldrich Rockefeller|Nelson Rockefeller
0%
Historien spécialiste de Napoléon Ier, il est directeur de la Fondation Napoléon depuis 2000. 1959 Thierry Lentz
0%
Aucun quiz correspondant
Distribution des résultats
% des personnes avec chaque résultat
Percentile par nombre de réponses
Votre historique - résultats
Vous n’avez pas pris ce quiz